000 01364ata a2200493 4500
005 20250722144219.0
008 150521b2009 xxu||||| |||| 00| 0 spa d
020 _a9789876340748
041 _aESP
082 _a658.409.2 AN637m
100 _aAnzorena, Oscar R.
_929820
245 _aMaestría personal: el camino del liderazgo
260 _aArgentina
260 _bEdiciones Lea
260 _c2009
300 _a379 páginas
490 _aDirección y Administración de Empresas
650 _aLIDERAZGO EJECUTIVO
650 _aMAESTRÍA PERSONAL
650 _aCOMPTETENCIAS DE LA MAESTRÍA PERSONAL
650 _aVALORES EN EL LIDERAZGO
650 _aPODER PERSONAL
650 _aFORTALEZA EMOCIONAL
650 _aVISIÓN PERSONAL
650 _aVISIÓN DE FUTURO
650 _aAUTOCONOCIMIENTO
650 _aCOMPETENCIAS PARA LA VIDA
650 _aFORTALEZA EMOCIONAL
650 _aCOACHING
650 _aDESARROLLO PERSONAL
650 _aCOMPETENCIAS
650 _aLIDERAZGO
650 _aMODELOS MENTALES
650 _aEMOCIONES
650 _aCONCIENCIA SOCIAL
650 _aCOMPETENCIA COMUNITARIA
650 _aESCUCHAR
650 _aVERDAD ABSOLUTA
650 _aRED CONVERSACIONAL
650 _aORGANIZACIONES
650 _aFORTALEZA EMOCIONAL
650 _aCONCIENCIA EMOCIONAL
942 _cBK
_2ddc
999 _c5838
_d5838